| 000 | 00465nam a2200193Ia 4500 | ||
|---|---|---|---|
| 005 | 20240823022710.0 | ||
| 008 | 240823s9999||||xx |||||||||||||| ||und|| | ||
| 020 | _a978-81-8128-832-5 | ||
| 041 | _aENGLISH | ||
| 082 | _A519.2 P8 | ||
| 100 | _a"Giambene,Givanni" | ||
| 245 | 0 | _aQueing Theory and Telecommunications | |
| 250 | _a1st | ||
| 260 |
_c2008 _b"Springer,New " |
||
| 500 | _aYES | ||
| 650 |
_aQueueing _bMathematics |
||
| 942 | _cBK | ||
| 999 |
_c179790 _d179790 |
||